00830nam a2200241 u 450000100070000000500170000700800410002403500110006504000130007604100080008908000070009710000460010424501050015026000890025530000180034465000390036265000450040165000390044670000420048570000440052750200100057152600070058178499920260506095446.0021113s2002 ||||||m| spa  a784999 ccomduadb aspa aWA10aBuiles Galeano, Gloria Patricia4auteaut10aSituacion actual del sistema de informacion de la IPS Santa Maria del Rosario, Seguro Social, Itagui aMedellín :bUniversidad de Antioquia. Facultad Nacional de Salud Pública,c2002. a183 páginas aSistemas de información en salud aClinica Santa Maria del Rosario (Itagui) 7aAdministración hospitalaria2dcs10aVallejo Rios, Maria Abigail4auteaut10aMarin Echeverri, Alfonso Heli4thseths b26c7 a26